000 00460nam a2200181Ia 4500
008 100920s9999 xx 000 0 und d
082 _b103218
_a28 व 7 न 08
100 _aGUPTA RITU.
245 _aEMMA.
260 _bHAR ANAND PUB DELHI.
_c2008
300 _a88
_bसाधी
365 _b30
520 _aबा.वि.स्टोरी.
630 _aEMMA.
650 _aबा.वि.स्टोरी.
730 _aEMMA.
942 _cBOOK
999 _c743650
_d743647